Normal view
MARC view
Entry Personal Name
001 - CONTROL NUMBER
- control field: 1236379
003 - CONTROL NUMBER IDENTIFIER
- control field: OSt
005 - DATE AND TIME OF LATEST TRANSACTION
- control field: 20260430150056.0
008 - FIXED-LENGTH DATA ELEMENTS
- fixed length control field: 260430|| aca||aabn | a|a d
040 ## - CATALOGING SOURCE
- Original cataloging agency: OSt
- Transcribing agency: OSt
100 ## - HEADING--PERSONAL NAME
- Personal name: Alnajar Mohammed Hussain Mohammed Musa Au.; Binay Kumar Gu
670 ## - SOURCE DATA FOUND
- Source citation: Work cat.: (OSt)1848884: Alnajar Mohammed Hussain Mohammed Musa Au.; Binay Kumar Gu., Synthesis and charaterization of rare earth doped ZnO nanostructures and GO/ZnO hybrids for energy harvesting applications, 2022
